[Event "Mittelfranken-ch QT 49th"]
[Site "Ansbach"]
[Date "2000.??.??"]
[Round "6"]
[White "Breitenbach, Albert"]
[Black "Zippel, Harald"]
[Result "1/2-1/2"]
[WhiteElo "1822"]
[BlackElo "1828"]
[PlyCount "20"]
[EventDate "2000.04.19"]
[EventType "swiss"]
[EventRounds "7"]
[EventCountry "GER"]
[SourceTitle "EXT 2015"]
[Source "ChessBase"]
[SourceDate "2014.11.20"]
[SourceVersion "1"]
[SourceVersionDate "2014.11.20"]
[SourceQuality "1"]

1. e4 e5 2. Nf3 Nc6 3. d4 exd4 4. Bc4 Be7 5. Nxd4 Ne5 6. Bb3 d6 7. Bf4 Nf6 8. Nd2 0-0 9. 0-0 Nfd7 10. Re1 Nc5 1/2-1/2